000 00450nam a2200157 a 4500
005 20140412111306.0
008 010502s19uu xx 00 eng d
020 _a0-201-54176-9
050 _aTR(PS E
_bAl1 1987
100 _aEdwards, Pat
245 _aAlexander wish /
_cPat Edwards; illustrated by Alice Englander.
260 _aCanada :
_bLongman Cheshire Pty. Ltd,
_c1987.
300 _a23p. ; ill.
650 _aWish-Fiction
999 _c103709
_d103709